000 00604nam a2200229Ia 4500
003 OSt
005 20220928123639.0
006 a|||||r|||| 00| 0
007 ta
008 220927b |||||||| |||| 00| 0 eng d
024 _a122812
037 _cTextual
040 _aSDCL
_cSDCL
_beng
041 _2eng
_aeng
082 _aSxM42, M4
100 _aJames William
_9353521
245 0 _aPsycology
_b Briefer course.
260 _aCambridge
_bHarvard University Press
_c1984
300 _axli,553p.
_ccm.
942 _hSxM42, M4
_cTEXL
_2CC
999 _c774356
_d774356